[Event "Francophonie-ch 9th"]
[Site "Yamoussoukro"]
[Date "2023.07.09"]
[Round "7"]
[White "Mambe, Lobognon Anderson"]
[Black "Nomenjanahary, Fanilo"]
[Result "1-0"]
[WhiteElo "1855"]
[BlackElo "1590"]
[PlyCount "29"]
[EventDate "2023.07.02"]
[EventType "swiss"]
[EventRounds "9"]
[EventCountry "IVO"]
[SourceTitle "CBM 215 Extra"]
[Source "ChessBase"]
[SourceDate "2023.09.30"]
[SourceVersion "1"]
[SourceVersionDate "2023.09.30"]
[SourceQuality "1"]

1. d4 Nf6 2. Nf3 g6 3. c4 Bg7 4. Nc3 d5 5. Bg5 0-0 6. e3 c5 7. Qc2 cxd4 8. exd4 dxc4 9. Bxc4 Nc6 10. 0-0-0 Bf5 11. Qe2 Rc8 12. Bd3 Bxd3 13. Qxd3 Nb4 14. Qb1 Qa5 15. Bxf6 1-0

[Event "Antananarivo Elo May"]
[Site "Antananarivo"]
[Date "2022.05.09"]
[Round "2"]
[White "Nomenjanahary, Fanilo"]
[Black "Andriamandimbisoa, Harison"]
[Result "0-1"]
[WhiteElo "1470"]
[BlackElo "1883"]
[PlyCount "66"]
[EventDate "2022.05.07"]
[EventType "swiss"]
[EventRounds "6"]
[EventCountry "MAD"]
[SourceTitle "EXT 2023"]
[Source "ChessBase"]
[SourceDate "2022.10.05"]
[SourceVersion "1"]
[SourceVersionDate "2022.10.05"]
[SourceQuality "1"]

1. e4 e6 2. d3 d5 3. Nd2 c5 4. Ngf3 Nc6 5. g3 Nf6 6. Bg2 Be7 7. 0-0 0-0 8. Re1 h6 9. c3 Qc7 10. Nf1 dxe4 11. dxe4 e5 12. Qc2 Be6 13. Ne3 Rad8 14. Bd2 Rd7 15. b3 Rfd8 16. Rad1 b5 17. Bc1 b4 18. Rxd7 Rxd7 19. Bf1 bxc3 20. Nc4 Nb4 21. Qxc3 Nxa2 22. Qa1 Nxc1 23. Nfxe5 Nxb3 24. Qc3 Rd4 25. Qxb3 Qxe5 26. Qb7 Bxc4 27. f4 Qe6 28. Qb8+ Rd8 29. Qxa7 Bxf1 30. Rxf1 Qxe4 31. Qa5 Qe3+ 32. Kh1 Rd2 33. Qa8+ Bf8 0-1

[Event "Africa-ch U14"]
[Site "Windhoek"]
[Date "2019.12.17"]
[Round "4.5"]
[White "Nomenjanahary, Fanilo"]
[Black "Azab, Yehya"]
[Result "0-1"]
[WhiteElo "1421"]
[BlackElo "1329"]
[PlyCount "76"]
[EventDate "2019.12.16"]
[EventType "swiss"]
[EventRounds "9"]
[EventCountry "NAM"]
[SourceTitle "EXT 2024"]
[Source "ChessBase"]
[SourceDate "2023.10.10"]
[SourceVersion "1"]
[SourceVersionDate "2023.10.10"]
[SourceQuality "1"]

1. e4 e5 2. Nf3 Nc6 3. Bc4 Bc5 4. c3 Nf6 5. d3 0-0 6. Bg5 d6 7. h3 Be6 8. Nbd2 Qe7 9. a4 a5 10. Bxe6 Qxe6 11. Nc4 Nxe4 12. Qb3 Bxf2+ 13. Kf1 Nc5 14. Qc2 Bg3 15. h4 e4 16. Rh3 exd3 17. Qd1 Qxc4 18. Rxg3 Ne4 19. Rg4 d2+ 20. Kg1 Qc5+ 21. Kh2 Nf2 22. Qxd2 Nxg4+ 23. Kg3 Nge5 24. Nd4 Nc4 25. Qc1 Nxd4 26. cxd4 Qxd4 27. b3 Qd3+ 28. Kh2 Qxb3 29. Qf4 Ne5 30. h5 Qe6 31. Ra3 h6 32. Bh4 Qg4 33. Qf2 Qxh5 34. Kh3 Qg4+ 35. Kh2 Qh5 36. Kh3 g5 37. g3 gxh4 38. gxh4 Qg4+ 0-1

[Event "Africa-ch U14"]
[Site "Windhoek"]
[Date "2019.12.16"]
[Round "2.1"]
[White "Nomenjanahary, Fanilo"]
[Black "Tamer, Ahmed"]
[Result "0-1"]
[WhiteElo "1421"]
[BlackElo "2024"]
[PlyCount "55"]
[EventDate "2019.12.16"]
[EventType "swiss"]
[EventRounds "9"]
[EventCountry "NAM"]
[SourceTitle "EXT 2024"]
[Source "ChessBase"]
[SourceDate "2023.10.10"]
[SourceVersion "1"]
[SourceVersionDate "2023.10.10"]
[SourceQuality "1"]

1. e4 d6 2. d4 Nf6 3. Nc3 g6 4. Be3 Bg7 5. Qd2 c6 6. f3 b5 7. a4 b4 8. Nce2 a5 9. g4 h5 10. g5 Nfd7 11. h4 Qc7 12. Bh3 c5 13. Rd1 Bb7 14. b3 c4 15. Nf4 0-0 16. Nge2 c3 17. Qc1 e5 18. dxe5 dxe5 19. Nd5 Bxd5 20. Rxd5 Nb6 21. Rb5 N8d7 22. 0-0 Nc4 23. Rd1 Rad8 24. Bxd7 Rxd7 25. Bb6 Qc8 26. Kg2 f5 27. Ng3 fxe4 28. fxe4 0-1